Arte y arquitectura futuristas: 1914-1918

Guardat en:
Dades bibliogràfiques
Autors principals: Balla, Giacomo (Autor), Boccioni, Umberto (Autor), Depero, Fortunato (Autor), Prampolini, Enrico (Autor), Sant' Elia, Antonio (Autor), Volt (Autor)
Format: Llibre
Idioma:espanyol
Publicat: Murcia Colegio Oficial de Aparejadores y Arquitectos Técnicos de la Región de Murcia 2002
Edició:1a. ed
Col·lecció:Colección de Arquilectura, 42
Matèries:
Etiquetes: Afegir etiqueta
Sense etiquetes, Sigues el primer a etiquetar aquest registre!

MARC

LEADER 00000cam a2200000 a 4500
001 UCE0671
003 CL-VaPUC
008 140227e20020000sp |||||||||||||||||spa|d
020 |a 8489882142 
082 0 4 |a 759.06  |b BAL  |2 21 
100 0 |a Balla, Giacomo  |e author  |9 573035 
700 0 |a Boccioni, Umberto  |e author  |9 347297 
700 0 |a Depero, Fortunato  |e author  |9 573036 
700 0 |a Prampolini, Enrico  |e author  |9 573037 
700 0 |a Sant' Elia, Antonio  |e author  |9 371717 
700 0 |a Volt  |e author  |9 573038 
245 1 0 |a Arte y arquitectura futuristas: 1914-1918 
250 |a 1a. ed 
300 |a 293 p 
942 |c BK 
945 |d 20140227 11:27:00  |a dcastane 
260 |a Murcia  |b Colegio Oficial de Aparejadores y Arquitectos Técnicos de la Región de Murcia  |c 2002 
650 0 |a Arte futurista  |9 341290 
650 0 |a Filosofía del arte  |9 264951 
650 0 |a Arquitectura contemporánea  |9 367350 
650 0 |a Filosofía de la arquitectura  |9 267382 
583 |a last modification  |c 20140227 11:27:00  |k Rodrigo Vera 
490 0 |a Colección de Arquilectura, 42 
999 |c 354733  |d 354731 
952 |0 0  |1 0  |3 erb  |4 0  |6 759_060000000000000_BAL_2002  |7 0  |8 R  |9 460883  |a BIBART  |b BIBART  |i 505740K  |l 2  |m 1  |o 759.06 BAL 2002  |p 505740K  |r 2025-03-13  |s 2023-06-29  |w 2019-11-23  |y BK_R  |z Catalogado en:20140227  |k ART